Online
Catalog

Estudio de cuatro nuevos sitios paleoarcáicos de la Isla de Santo Domingo. / (Record no. 20881)

MARC details
000 -CABECERA
campo de control de longitud fija 00733nam a2200205 a 4500
001 - NÚMERO DE CONTROL
campo de control 000021381
005 - FECHA Y HORA DE LA ÚLTIMA TRANSACCIÓN
campo de control 20200930011318.0
008 - DATOS DE LONGITUD FIJA--INFORMACIÓN GENERAL
campo de control de longitud fija 100907s1981 dr a 000 0 spa d
040 ## - FUENTE DE LA CATALOGACIÓN
Centro catalogador/agencia de origen DO-SdBNP
Lengua de catalogación spa
Centro/agencia transcriptor BNPHU
082 ## - NÚMERO DE LA CLASIFICACIÓN DECIMAL DEWEY
Número de clasificación 560.97293
Número de documento/Ítem O77e
049 ## - FONDOS LOCALES (OCLC)
Fondos de biblioteca BNPD
100 1# - ENTRADA PRINCIPAL--NOMBRE DE PERSONA
Nombre de persona Ortega, Elpidio
9 (RLIN) 16002
245 10 - MENCIÓN DE TÍTULO
Título Estudio de cuatro nuevos sitios paleoarcáicos de la Isla de Santo Domingo. /
Mención de responsabilidad, etc. Elpidio Ortega, José Guerrero.
260 ## - PUBLICACIÓN, DISTRIBUCIÓN, ETC.
Lugar de publicación, distribución, etc. Santo Domingo :
Nombre del editor, distribuidor, etc. Museo del Hombre Dominicano,
Fecha de publicación, distribución, etc. 1981.
300 ## - DESCRIPCIÓN FÍSICA
Extensión 226 p. :
Otras características físicas il., graf. ;
Dimensiones 24 cm.
490 ## - MENCIÓN DE SERIE
Mención de serie Investigaciones antropológicas
Designación de volumen o secuencia 17
500 ## - NOTA GENERAL
Nota general Incluye anexo
650 #4 - PUNTO DE ACCESO ADICIONAL DE MATERIA--TÉRMINO DE MATERIA
Término de materia o nombre geográfico como elemento de entrada Paleontología
Subdivisión geográfica República Dominicana
9 (RLIN) 44632
830 #0 - PUNTO DE ACCESO ADICIONAL DE SERIE-TÍTULO UNIFORME
Título uniforme Investigaciones antropológicas
Número de parte o sección de la obra 17
9 (RLIN) 38662
Holdings
Estado de retiro Estado de pérdida Restricciones de uso No para préstamo Código de colección Localización permanente Ubicación/localización actual Ubicación en estantería Fecha de adquisición Número de inventario Total de préstamos Signatura topográfica completa Código de barras Fecha visto por última vez Número de copia Precio válido a partir de Tipo de ítem Koha Nota pública
        Dominicana de Servicio General General Depósito 14.01.2011 LF1   560.97293 O77e 21381-30 25.06.2020 e. 3 25.06.2020 Libro y Folleto Colección Dominicana de Servicio  
        Dominicana de Servicio General General Depósito 19.04.2011 LF1   560.97293 O77e 21381-40 25.06.2020 e. 4 25.06.2020 Libro y Folleto Colección Dominicana de Servicio  
        Dominicana de Servicio General General Depósito 01.07.2011 LF1   560.97293 O77e 21381-50 25.06.2020 e. 5 25.06.2020 Libro y Folleto Colección Dominicana de Servicio  
      Excluido de préstamo Patrimonio Dominicano Patrimonio Dominicano Patrimonio Dominicano Depósito 07.09.2010 LF1   560.97293 O77e 21381-10 25.06.2020   25.06.2020 Libro y Folleto Colección Patrimonio Dominicano Perteneció a la biblioteca personal de Aída Cartagena Portalatín.
      Excluido de préstamo Patrimonio Dominicano Patrimonio Dominicano Patrimonio Dominicano Depósito 14.01.2011 LF1   560.97293 O77e 21381-20 25.06.2020 e. 2 25.06.2020 Libro y Folleto Colección Patrimonio Dominicano  

Powered by Koha